The Indian Contract Act,1872 (Record no. 1848358)

MARC details
000 -LEADER
fixed length control field 00438nam a22001817a 4500
005 - DATE AND TIME OF LATEST TRANSACTION
control field 20260421162341.0
008 - FIXED-LENGTH DATA ELEMENTS--GENERAL INFORMATION
fixed length control field 260421b |||||||| |||| 00| 0 eng d
020 ## - INTERNATIONAL STANDARD BOOK NUMBER
International Standard Book Number 9789349015715
040 ## - CATALOGING SOURCE
Transcribing agency FLL
041 ## - LANGUAGE CODE
Source of code eng
084 ## - COLON CLASSIFICATION NUMBER
Classification number Z2,3 R5
100 ## - MAIN ENTRY--PERSONAL NAME
Personal name Mulla&Pollock
245 ## - TITLE STATEMENT
Title The Indian Contract Act,1872
250 ## - EDITION STATEMENT
Edition statement 17th
260 ## - PUBLICATION, DISTRIBUTION, ETC.
Place of publication, distribution, etc. Haryana
Name of publisher, distributor, etc. Atlantic
Date of publication, distribution, etc. 2025
300 ## - PHYSICAL DESCRIPTION
Extent cccxlii 1686p
Other physical details Hb
942 ## - ADDED ENTRY ELEMENTS (KOHA)
Source of classification or shelving scheme Colon Classification (CC)
Koha item type Textbook
100 ## - MAIN ENTRY--PERSONAL NAME
-- 1235319
999 ## -
-- 1848358
-- 1848358
Holdings
Withdrawn status Lost status Source of classification or shelving scheme Damaged status Not for loan Home library Current library Date acquired Source of acquisition Inventory number Total checkouts Full call number Barcode Date last seen Copy number Price effective from Koha item type
    Colon Classification (CC)     Faculty of Law Library Faculty of Law Library 2026-01-12 Atlantic 1205332-12/01/2026   Z2,3 R5 LL1943515 2026-04-21 1 2026-04-21 Textual
    Colon Classification (CC)     Faculty of Law Library Faculty of Law Library 2026-01-12 Atlantic 1205332-12/01/2026   Z2,3 R5 LL1943516 2026-04-21 2 2026-04-21 Textual
Copyright @ Delhi University Library System